Muʻjam asmāʼ al-nabātāt. (Record no. 50876)

MARC details
000 -LEADER
fixed length control field 00722cam a22002291 4500
001 - CONTROL NUMBER
control field ne 68003915
003 - CONTROL NUMBER IDENTIFIER
control field DLC
005 - DATE AND TIME OF LATEST TRANSACTION
control field 20260227111848.0
008 - FIXED-LENGTH DATA ELEMENTS--GENERAL INFORMATION
fixed length control field 891017s1966 xx 000 0 ara
010 ## - LIBRARY OF CONGRESS CONTROL NUMBER
LC control number ne 68003915
035 ## - SYSTEM CONTROL NUMBER
System control number (OCoLC)23511590
040 ## - CATALOGING SOURCE
Original cataloging agency DLC
Transcribing agency MiU
Modifying agency DLC
050 00 - LIBRARY OF CONGRESS CALL NUMBER
Classification number QK9
Item number .D55
100 1# - MAIN ENTRY--PERSONAL NAME
Personal name Dimyāṭī, Maḥmūd Muṣṭafá.
245 10 - TITLE STATEMENT
Title Muʻjam asmāʼ al-nabātāt.
260 ## - PUBLICATION, DISTRIBUTION, ETC.
Date of publication, distribution, etc. [1966]
300 ## - PHYSICAL DESCRIPTION
Extent 230 p.
Dimensions 27 cm.
504 ## - BIBLIOGRAPHY, ETC. NOTE
Bibliography, etc. note Bibliography: p. [227]-228.
650 #0 - SUBJECT ADDED ENTRY--TOPICAL TERM
Topical term or geographic name entry element Botany
Form subdivision Dictionaries
General subdivision Arabic.
650 #0 - SUBJECT ADDED ENTRY--TOPICAL TERM
Topical term or geographic name entry element Arabic language
Form subdivision Dictionaries
General subdivision English.
700 2# - ADDED ENTRY--PERSONAL NAME
Personal name Murtaḍá al-Zabīdī, Muḥammad ibn Muḥammad,
Dates associated with a name 1732 or 1733-1791.
Title of a work Tāj al-'arūs min jawāhir al-Qāmūs.

No items available.

Powered by Koha